Loading...
| Literature - American Literature | 0 | 2 | 1 | 1 | 15 | 135 | 139.00 | 0 | 0 |
| Literature - World Literature | 0 | 1 | 0 | 0 | 10 | 136 | 136.00 | 0 | 0 |
| Fine Arts - Other Fine Arts | 0 | 1 | 0 | 0 | 10 | 62 | 62.00 | 1 | 1 |
| Fine Arts - Painting and Sculpture | 0 | 1 | 0 | 0 | 10 | 142 | 142.00 | 0 | 0 |
| History - American History | 0 | 1 | 0 | 0 | 10 | 66 | 66.00 | 0 | 1 |
| Pop Culture | 0 | 1 | 0 | 0 | 10 | 47 | 47.00 | 0 | 0 |
| Social Science | 0 | 1 | 1 | 0 | 5 | 81 | 81.00 | 1 | 1 |
| Philosophy | 0 | 0 | 0 | 0 | 0 | 0.00 | 0 | 0 | |
| Literature - European Literature | 0 | 0 | 0 | 0 | 0 | 0.00 | 0 | 0 | |
| Science - Biology | 0 | 0 | 0 | 0 | 0 | 0.00 | 0 | 0 | |
| Mythology | 0 | 0 | 1 | 0 | -5 | 0.00 | 0 | 0 | |
| Current Events | 0 | 0 | 1 | 0 | -5 | 0.00 | 0 | 0 |